000 00510 a2200193 4500
005 20260202163654.0
008 260202b |||||||| |||| 00| 0 eng d
020 _a9789386592484
_cRs. 1200.00
040 _aMAIN
082 _a796
_bG951A
100 _aGulhane, Ajay Vasantrao
245 _aAthletic care and rehabilitation
260 _bSports Publication
_c2025
_aNew Delhi
300 _a308
650 _aPhysical Education
650 _aAthletic Injuries
650 _aRehabilitation
942 _cBK
999 _c394065
_d394065